|
|
|
|
| LEADER |
01789nam a2200445 a 4500 |
| 001 |
nkc20122373974 |
| 003 |
CZ PrNK |
| 005 |
20120809140529.0 |
| 007 |
ta |
| 008 |
120618s2011 xr a f 000 0 cze |
| 015 |
|
|
|a cnb002373974
|
| 020 |
|
|
|a 978-80-7368-904-9
|q (brož.)
|
| 035 |
|
|
|a (OCoLC)806200161
|
| 040 |
|
|
|a BOA001
|b cze
|d ABA001
|
| 072 |
|
7 |
|a 332
|x Regionální ekonomie, regionální ekonomika
|2 Konspekt
|9 4
|
| 080 |
|
|
|a 332.055.2
|2 MRF
|
| 080 |
|
|
|a 332.055.2(1-22)
|2 MRF
|
| 080 |
|
|
|a 332.146
|2 MRF
|
| 080 |
|
|
|a (048.8:082)
|2 MRF
|
| 100 |
1 |
|
|a Rumpel, Petr,
|d 1964-
|7 ola2002159132
|4 aut
|
| 245 |
1 |
0 |
|a Regionální marketing v rozvoji rurálních periferních regionů :
|b certifikovaná metodika /
|c autoři Rumpel Petr, Boruta Tomáš, Slach Ondřej
|
| 260 |
|
|
|a [Ostrava] :
|b Centrum městského a regionálního managementu, Ostravská univerzita,
|c c2011
|
| 300 |
|
|
|a 57 s. :
|b il. (některé barev.) ;
|c 30 cm
|
| 504 |
|
|
|a Obsahuje bibliografie
|
| 650 |
0 |
7 |
|a regionální rozvoj
|7 ph125083
|2 czenas
|
| 650 |
0 |
7 |
|a rozvoj venkova
|7 ph136666
|2 czenas
|
| 650 |
0 |
7 |
|a teritoriální marketing
|7 ph201923
|x metodologie
|2 czenas
|
| 650 |
0 |
9 |
|a regional development
|2 eczenas
|
| 650 |
0 |
9 |
|a rural development
|2 eczenas
|
| 650 |
0 |
9 |
|a regional marketing
|x methodology
|2 eczenas
|
| 655 |
|
7 |
|a kolektivní monografie
|7 fd501537
|2 czenas
|
| 655 |
|
9 |
|a collective monographs
|2 eczenas
|
| 700 |
1 |
|
|a Boruta, Tomáš
|7 mzk2011657644
|4 aut
|
| 700 |
1 |
|
|a Slach, Ondřej,
|d 1981-
|7 mzk2008443168
|4 aut
|
| 910 |
2 |
|
|a BOA001
|b 4-1287.930
|
| 928 |
9 |
|
|a Ostravská univerzita, Centrum městského a regionálního managementu
|
| 990 |
|
|
|a BK
|
| 995 |
|
|
|a 01
|
| 991 |
|
|
|b 201207
|c NOV
|e n
|
| 996 |
6 |
|
|b 2610514776
|c 4-1287.930
|l MZK
|r Sklad / do 1 hodiny
|n 9
|p p.v.
|w 001259874
|u 000010
|a 1
|e BOA001
|j MZK50
|s P
|